| 000 | 00957nam0a22002891 4500 | ||
|---|---|---|---|
| 001 | 2563958 | ||
| 005 | 20251118181735.3 | ||
| 021 |
_aRU _b79-86060 |
||
| 035 | _a(NLR Aleph) 006448784 | ||
| 090 |
_a5716635 _c5716635 |
||
| 100 | _a20110316d1979 u y0rusy50 ca | ||
| 101 | 0 | _arus | |
| 102 | _aRU | ||
| 105 | _ay z ||||| | ||
| 200 | 1 |
_aОтчет о командировке в Грецию _fАкад. А.С. Спирин |
|
| 210 |
_aМосква _cБ. и. _d1979 |
||
| 215 |
_a10 с. _d22 |
||
| 300 | _aВ надзаг.: АН СССР. ВИНИТИ | ||
| 333 | _aДля служеб. пользования | ||
| 686 |
_aЕ05е(0)л0 _2rubbk |
||
| 700 | 1 |
_4070 _7ca _8rus _aСпирин _bА. С. _cд-р биол. наук _f1931-2020 _gАлександр Сергеевич _9256828 _3RU\NLR\AUTH\770256884 |
|
| 801 | 0 |
_aRU _bNLR _gpsbo |
|
| 801 | 1 |
_aRU _bELAR _2rusmarc |
|
| 852 |
_aNLR _jDesideratum |
||
| 899 |
_aRuMoRGB _jСХ |
||
| 942 | _cBOOK | ||
| 980 | _aNB | ||